Valorant teams that won Champions/Masters - Statistics

General Stats
  • This quiz has been taken 143 times
    83 since last reset
  • The average score is 10 of 12
Answers on the Grid
Answers color-coded by a green-red scale on the quiz's grid according to % correct below.
Ascend
EDward Gaming
Evil Geniuses
Fnatic
FunPlus Phoenix
Gambit Esport
Gen. G Esports
Loud
OpTic Gaming
Sentinels
T1
Paper Rex
DRX
G2 Esports
Wolves Esports
100 Thieves
Team Liquid
Karmine Corp
Bilibili Gaming
100 Thieves
KRÜ Esports
Team Heretics
ZETA Division
Leviatan
 
Answer Stats
Answer % Correct
Won Masters Tokyo 2023 Fnatic
92%
Won Masters Reykjavik 2021 and Masters Madrid 2024 Sentinels
92%
Won Masters Bangkok 2025 T1
92%
Won Champions Seoul 2024 EDward Gaming
90%
Won Champions Los Angeles 2023 Evil Geniuses
88%
Won Champions Istanbul 2022 Loud
88%
Won Masters Toronto 2025 Paper Rex
85%
Won Masters Reykjavik 2022 OpTic Gaming
83%
Won Champions Berlin 2021 Ascend
81%
Won Masters Berlin 2021 Gambit Esport
81%
Won Masters Shanghai 2024 Gen. G Esports
79%
Won Masters Cophenaguen 2022 FunPlus Phoenix
77%
No matching quizzes found
Score Distribution
Percent of People with Each Score
Percentile by Number Answered
Your Score History
You have not taken this quiz since the last reset